Personnages historiques en images commençant par un T. - Statistiques

Statistiques générales
  • Ce quiz a été pris 908 fois
  • Le résultat moyen est 6 sur 11
Statistiques - réponses
Par images Hint Réponse % Correct
Pharaon égyptien Toutânkhamon
91%
Premier ministre britannique Margaret Thatcher
90%
Mathématicien grec Thalès
80%
Président américain Harry Truman
68%
Dirigeant de Yougoslavie Josip Broz Tito
61%
Fondateur de l'Armée Rouge Léon Trotsky
60%
Compositeur russe Piotr Ilitch Tchaïkovski
57%
Homme d'état chinois Tchang Kaï-chek
26%
Théologien catholique Thomas d'Aquin
26%
Empereur romain Trajan
20%
Général français Turenne
13%
Aucun quiz correspondant
Distribution des résultats
% des personnes avec chaque résultat
Percentile par nombre de réponses
Votre historique - résultats
Vous n’avez pas pris ce quiz